| 000 | 00903cam a2200301 a 4500 | ||
|---|---|---|---|
| 003 | CO-BoRNBP | ||
| 005 | 20241003112052.0 | ||
| 007 | ta | ||
| 008 | 000726s2000 ck a r 00010 spa d | ||
| 040 |
_ala _cla _bspa _erda |
||
| 041 | 0 | _aspa | |
| 043 | _as-ck--- | ||
| 082 | 0 | 4 |
_a370 _bM67t _219 ed. |
| 100 | 1 |
_aMoreno M., Heladio, _d1950- _942733 |
|
| 240 | 0 | _aBoyacá-Bibliografía regional | |
| 245 | 1 | 0 |
_aTendencias educativas y pedagógicas / _cHeladio Moreno M. |
| 250 | _aPrimera edición | ||
| 300 |
_a81 p. : _bil. ; _c21 cm. |
||
| 336 |
_2rdacontenido _atexto _btxt |
||
| 337 |
_2rdamedio _asin mediación _bn |
||
| 338 |
_2rdasoporte _avolumen _bnc |
||
| 650 | 7 |
_aPedagogía. _2BLAAUTO |
|
| 650 | 7 |
_aMétodos de enseñanza. _2BLAAUTO _94790 |
|
| 650 | 7 |
_aPedagogía _zColombia. _2BLAAUTO _942734 |
|
| 650 | 7 |
_aPsicopedagogía. _2BLAAUTO _914915 |
|
| 942 |
_2ddc _cBK |
||
| 949 |
_ac _bn |
||
| 999 |
_c38400 _d38400 |
||